000 00363nam a2200157Ia 4500
003 OSt
005 20231221060058.0
008 170617s9999 xx 000 0 und d
020 _a9780853697626
040 _cIIMT UNIVERSITY
100 _aPERRIE- YVONNE
245 0 _aPHARMACEUTICS DRUG DELIVERY
260 _bLONDON.P.P.
260 _c2010
942 _2ddc
_c01
999 _c15519
_d15519